000 00880nmm a2200277 a 4500
001 ocm000702176
003 TR-IsHL
005 20201028124415.0
008 130902s2007 tu tur
007 cr cn
035 _a702176
_b(N$T)
050 0 4 _aPQ2469.T9
_bK37 2007
090 0 4 _aPQ2469.T9
_bK37 2007
100 1 _aVerne, Jules
245 1 0 _aKaptan Grant'ın çocukları
_h[electronic resource] /
_cJules Verne ; çev. Deniz Işık
250 _a1. bs.
260 _aİstanbul :
_bBirleşik Yayın Grubu,
_c2007
300 _a87 p.
650 4 _aDil ve Edebiyat
650 4 _aLanguage and Literature
650 0 _aFransız romanı
650 0 _aFrench fiction
650 7 _aLITERARY COLLECTIONS / European / French
_2bisacsh
700 1 _aIşık, Deniz
856 4 0 _uhttp://search.ebscohost.com/login.aspx?direct=true&scope=site&db=e011xww&AN=702176
999 _c2934
_d2934